[Event "Kalamazoo op"]
[Site "Kalamazoo"]
[Date "2001.07.28"]
[Round "2"]
[White "Kieliszewski, Greg"]
[Black "Dudley, Vernon"]
[Result "1-0"]
[WhiteElo "1218"]
[BlackElo "868"]
[PlyCount "51"]
[EventDate "2001.07.28"]
[EventType "swiss"]
[EventRounds "5"]
[EventCountry "USA"]
[SourceTitle "EXT 2007"]
[Source "ChessBase"]
[SourceDate "2006.11.23"]
[SourceVersion "1"]
[SourceVersionDate "2006.11.23"]
[SourceQuality "1"]

1. e4 e5 2. Nf3 Nc6 3. Bb5 d6 4. 0-0 Bd7 5. c3 a6 6. Ba4 b5 7. Bc2 Nf6 8. Re1 Bg4 9. h3 Bh5 10. b4 Bg6 11. a4 d5 12. axb5 axb5 13. Rxa8 Qxa8 14. exd5 Nxd5 15. Bxg6 hxg6 16. Nxe5 Nxe5 17. Rxe5+ Ne7 18. Rxb5 Nc6 19. d4 Bd6 20. Qe2+ Ne7 21. c4 0-0 22. c5 Qa6 23. Qd3 Re8 24. cxd6 cxd6 25. Ra5 Qxa5 26. bxa5 1-0